Guidelines for investigating alcohol problems and developing appropriate responses
| Main Author: | |
|---|---|
| Contributors: | ; ; |
| Format: | Print Book |
| Language: | English |
| Published: |
Geneva
World Health Organization
1984
|
| In: |
WHO offset publication (81)
Year: 1984 |
| Availability in Tübingen: | Present in Tübingen. UB: KB 6 E 819 |
| Check availability: | HBZ Gateway |
| Subito Delivery Service: | Order now. |
MARC
| LEADER | 00000cam a2200000 c 4500 | ||
|---|---|---|---|
| 001 | 1650933991 | ||
| 003 | DE-627 | ||
| 005 | 20251225205730.0 | ||
| 007 | tu | ||
| 008 | 900704s1984 xx ||||| 00| ||eng c | ||
| 020 | |a 9241700815 |9 92-4-170081-5 | ||
| 035 | |a (DE-627)1650933991 | ||
| 035 | |a (DE-576)020887566 | ||
| 035 | |a (DE-599)BSZ020887566 | ||
| 035 | |a (OCoLC)241438499 | ||
| 035 | |a (OCoLC)11071515 | ||
| 040 | |a DE-627 |b ger |c DE-627 |e rakwb | ||
| 041 | |a eng | ||
| 082 | 0 | |a 362.2/9286 | |
| 100 | 1 | |a Rootman, Irving |0 (DE-627)1236673190 |0 (DE-576)166673196 |4 aut | |
| 109 | |a Rootman, Irving |a Rootman, I. | ||
| 245 | 1 | 0 | |a Guidelines for investigating alcohol problems and developing appropriate responses |c by Irving Rootman and Joy Moser |
| 264 | 1 | |a Geneva |b World Health Organization |c 1984 | |
| 300 | |a 120 S. | ||
| 336 | |a Text |b txt |2 rdacontent | ||
| 337 | |a ohne Hilfsmittel zu benutzen |b n |2 rdamedia | ||
| 338 | |a Band |b nc |2 rdacarrier | ||
| 490 | 1 | |a WHO offset publication |v 81 | |
| 700 | 1 | |a Moser, Joy |4 oth | |
| 700 | 1 | |a Roumanie, Margherita de |0 (DE-588)1158759509 |0 (DE-627)1022522507 |0 (DE-576)504397761 |4 oth | |
| 700 | 1 | |a Hawks, David |4 oth | |
| 810 | 2 | |a Weltgesundheitsorganisation |t WHO offset publication |v 81 |9 81 |w (DE-627)12944328X |w (DE-576)014812371 |w (DE-600)195438-6 |x 0303-7878 |7 am | |
| 889 | |w (DE-627)434277673 | ||
| 935 | |i mdedup | ||
| 951 | |a BO | ||
| ELC | |b 1 | ||
| LOK | |0 000 xxxxxcx a22 zn 4500 | ||
| LOK | |0 001 3340225834 | ||
| LOK | |0 003 DE-627 | ||
| LOK | |0 004 1650933991 | ||
| LOK | |0 005 19900704000000 | ||
| LOK | |0 008 900704||||||||||||||||ger||||||| | ||
| LOK | |0 040 |a DE-21 |c DE-627 |d DE-21 | ||
| LOK | |0 852 |a DE-21 | ||
| LOK | |0 852 1 |c KB 6 E 819 |9 00 | ||
| LOK | |0 935 |a krim | ||
| LOK | |0 936ln |a k1 | ||
| LOK | |0 939 |a 04-07-90 |b l01 | ||
| ORI | |a SA-MARC-krimdoka001.raw | ||
| SIG | |a UB: KB 6 E 819 | ||
